Supply chain management ako trend riadenia logistických procesov podniku v ekonomike 21. storočia
Riadenie integrovaných logistických reťazcov (SCM). Pojem logistický reťazec, pasívne prvky, aktívne prvky, články reťazca. ECR (Efficient Consumer Responce) predstavuje distribučnú časť SCM. Vývoj ukazuje, že systémom budúcnosti bude v nasledujúcich rokoch práve Supply Chain Management.
Guardado en:
| Autor principal: | |
|---|---|
| Formato: | Capítulo de libro |
| Lenguaje: | eslovaco |
| Materias: | |
| Etiquetas: |
Sin Etiquetas, Sea el primero en etiquetar este registro!
|
MARC
| LEADER | 00000nla$a2200000$$$4500 | ||
|---|---|---|---|
| 001 | 0112531 | ||
| 005 | 20240502072241.5 | ||
| 041 | 0 | |a slo | |
| 044 | |a SK | ||
| 245 | 1 | 0 | |a Supply chain management ako trend riadenia logistických procesov podniku v ekonomike 21. storočia |c Dáša Zaujecová |
| 520 | |a Riadenie integrovaných logistických reťazcov (SCM). Pojem logistický reťazec, pasívne prvky, aktívne prvky, články reťazca. ECR (Efficient Consumer Responce) predstavuje distribučnú časť SCM. Vývoj ukazuje, že systémom budúcnosti bude v nasledujúcich rokoch práve Supply Chain Management. | ||
| 610 | 2 | 0 | |a ekonomika nová |
| 610 | 2 | 0 | |a podnik |
| 610 | 2 | 0 | |a reťazce logistické |
| 610 | 2 | 0 | |a riadenie |
| 610 | 2 | 0 | |a riadenie reťazcov dodávateľských |
| 610 | 2 | 0 | |a správanie spotrebiteľa |
| 100 | 1 | |a Zaujecová, Dáša | |